Every 10k+ Urban Area in Canada on a Map - Statistics

General Stats
  • This quiz has been taken 70 times
    61 since last reset
  • The average score is 79 of 219
Answers on the Map
Answers color-coded by a green-red scale on the quiz's map according to % correct below.
 
Answer Stats
City Population % Correct
Victoria 363,222
94%
Calgary 1,305,550
89%
Edmonton 1,151,635
89%
Vancouver 2,426,160
89%
Yellowknife 19,673
89%
Halifax 348,634
83%
Regina 224,996
83%
Saint John 63,447
83%
Saskatoon 264,637
83%
St. John's 185,565
83%
Winnipeg 758,515
83%
Charlottetown 52,390
78%
Fredericton 64,614
78%
Hamilton 729,560
78%
London 423,369
78%
Moncton 119,785
78%
Montréal 3,675,219
78%
Ottawa 1,068,821
78%
Prince George 67,339
78%
Québec 733,156
78%
Red Deer 99,846
78%
St. Catharines 242,460
78%
Thunder Bay 95,266
78%
Toronto 5,647,656
78%
Trois-Rivières 128,057
78%
Whitehorse 24,513
78%
Greater Sudbury 92,093
72%
Kamloops 92,442
72%
Kitchener 522,888
72%
Medicine Hat 63,382
72%
Nanaimo 106,079
72%
Sault Ste. Marie 64,923
72%
Windsor 306,519
72%
Brandon 50,532
67%
Grande Prairie 63,172
67%
Lethbridge 92,563
67%
Lloydminster 31,582
67%
Abbotsford 132,300
61%
Chilliwack 81,622
61%
Fort McMurray 68,002
61%
Guelph 144,356
61%
Kelowna 181,380
61%
Kingston 127,943
61%
Saguenay (Chicoutimi - Jonquière) 103,934
61%
Sherbrooke 151,157
61%
Sydney 30,960
61%
Barrie 154,676
56%
Prince Rupert 11,814
56%
Campbell River 38,108
50%
Canmore 13,268
50%
Cornwall 47,286
50%
Dawson Creek 11,706
50%
Drummondville 72,089
50%
Moose Jaw 32,813
50%
Oshawa 335,949
50%
Peterborough 84,793
50%
Prince Albert 36,768
50%
Sarnia 73,944
50%
Airdrie 73,578
44%
Bathurst 15,985
44%
Fort St. John 21,123
44%
Kenora 10,974
44%
North Bay 51,433
44%
Okotoks 30,214
44%
Port Alberni 21,711
44%
Saint-Jean-sur-Richelieu 88,083
44%
Saint-Jérôme 100,859
44%
Swift Current 16,304
44%
Truro 23,583
44%
Vernon 51,896
44%
White Rock 109,167
44%
Camrose 18,454
39%
Courtenay 48,917
39%
Cranbrook 20,008
39%
Leduc 33,505
39%
Miramichi (Chatham - Douglastown) 11,594
39%
Penticton 36,893
39%
Rimouski 38,708
39%
Spruce Grove 39,348
39%
Summerside 14,952
39%
Terrace 14,633
39%
Thompson 12,329
39%
Timmins 28,874
39%
Belleville 75,052
33%
Brantford 104,413
33%
Cobourg 19,830
33%
Cochrane 31,638
33%
Corner Brook 19,129
33%
Duncan 24,358
33%
Fort Saskatchewan 26,831
33%
Granby 62,624
33%
Kanata 137,118
33%
Milton 124,579
33%
North Battleford 13,649
33%
Owen Sound 22,318
33%
Portage la Prairie 12,944
33%
Rivière-du-Loup 19,081
33%
Rouyn-Noranda 23,186
33%
Saint-Hyacinthe 50,616
33%
Sept-Îles 21,352
33%
Stratford 32,878
33%
St. Thomas 45,732
33%
Welland 69,302
33%
Wetaskiwin 12,438
33%
Woodstock 46,296
33%
Beaumont 20,779
28%
Blackfalds 10,315
28%
Brockville 22,293
28%
Brooks 14,904
28%
Chatham 45,171
28%
Chestermere 21,425
28%
Collingwood 22,983
28%
Edmundston 13,125
28%
Elliot Lake 10,998
28%
Estevan 10,629
28%
Fort Erie 15,372
28%
Grand Falls - Windsor 11,986
28%
Kentville 14,905
28%
Ladysmith 11,194
28%
Leamington 35,730
28%
Midland 26,246
28%
Mission 36,193
28%
Nelson 11,198
28%
New Glasgow 19,316
28%
Orangeville 34,177
28%
Orillia 33,379
28%
Pembroke 16,571
28%
Port Hope 13,012
28%
Powell River 13,116
28%
Quesnel 12,110
28%
Squamish 22,221
28%
Steinbach 17,589
28%
Stony Plain 17,253
28%
Trail - Fruitvale 12,863
28%
Val-d'Or 25,473
28%
Victoriaville 46,322
28%
Winkler 15,335
28%
Yorkton 15,969
28%
Alma 20,274
22%
Bowmanville 56,742
22%
Castlegar 10,029
22%
High River 14,119
22%
Ingersoll 13,607
22%
Lacombe 12,835
22%
Lindsay 22,367
22%
Matane 10,371
22%
Morinville 10,385
22%
Port Colborne 15,441
22%
Saint-Georges 27,402
22%
Salmon Arm 16,065
22%
Shawinigan 38,930
22%
Sooke 11,583
22%
Strathmore 13,851
22%
Sydney Mines 12,353
22%
Thetford Mines 17,046
22%
Tsawwassen 23,940
22%
Wasaga Beach 22,194
22%
Weyburn 10,883
22%
Williams Lake 11,906
22%
Amherstburg 15,177
17%
Angus - Borden 14,503
17%
Bolton 26,795
17%
Georgetown 44,058
17%
Glace Bay 16,915
17%
Hawkesbury 11,755
17%
Innisfil 29,464
17%
Lake Country 12,725
17%
Magog 22,222
17%
Martensville 10,499
17%
Parksville 27,330
17%
Sainte-Anne-des-Plaines 11,269
17%
Sainte-Marie 10,716
17%
Salaberry-de-Valleyfield 41,655
17%
Simcoe 16,121
17%
Sorel-Tracy 36,650
17%
Stouffville 36,753
17%
Strathroy 16,056
17%
Sylvan Lake 16,142
17%
Tillsonburg 18,573
17%
Uxbridge 11,794
17%
Warman 12,362
17%
Aldergrove 13,105
11%
Beloeil 52,959
11%
Bradford 38,128
11%
Carleton Place 13,940
11%
Châteauguay 75,891
11%
Cowansville 13,334
11%
Elmira 10,790
11%
Fergus 23,209
11%
Joliette 49,246
11%
Keswick 27,145
11%
Ladner 23,016
11%
New Hamburg 14,379
11%
Paris 14,956
11%
Quispamsis 24,881
11%
Rockland 13,625
11%
Sainte-Agathe-des-Monts 12,136
11%
Varennes 20,591
11%
Wallaceburg 10,323
11%
Alliston 23,253
6%
Arnprior 11,305
6%
Beamsville 13,323
6%
Binbrook 10,791
6%
Buckingham 17,407
6%
Caledonia 12,179
6%
Dolbeau-Mistassini 10,849
6%
Hauterive 11,147
6%
Lachute 11,221
6%
L'Assomption 16,443
6%
Laurentides 15,768
6%
Lavaltrie 11,301
6%
Les Coteaux 19,582
6%
Marieville 10,015
6%
Petawawa 14,382
6%
Port-Alfred - Bagotville (La Baie) 13,350
6%
Saint-Amable 11,199
6%
Saint-Augustin 11,769
6%
Valley East 17,251
6%
Hudson 24,245
0%
No matching quizzes found
Score Distribution
Percent of People with Each Score
Percentile by Number Answered
Your Score History
You have not taken this quiz since the last reset